00782nam a22002657a 4500001000400000003000900004005001700013007000400030008002800034020001500062040002200077100001600099245007000115260004900185300002100234490002200255700002800277830002200305910000800327942001200335945002700347952010300374956002400477999001500501096DO-SdBNP20180205150009.0096151005b19uu sp 00| 0 spa d a8470021184 aBPMSUbspacBPMSU1 aKenny, Paul10aTodos contra Coplan /cPaul Kenny ; traducción José Ma. Roca. aBarcelona :bLitografía Rosés, c[19--]. a118 p. ;c18 cm.1 aEl observadorv6712aRoca, José Ma.etrad. 0aEl observadorn67 a202 2ddccBK aInventariado, 2018 /LP 00102ddc40708CGaBPMETbBPMETd2015-11-05eFUNDIl0pBPMSU15110062r2015-11-05w2015-11-05yBK aYngrid Lockwardb10 c8557d8557